Państwa graniczące ze sobą na tę samą literę - Statystyki

Ogólne statystyki
  • Ten quiz został rozwiązany 117 razy
  • Średni wynik to 26 z 36
Statystyki odpowiedzi
Hint Odpowiedź % Poprawnych
Zimbabwe
90%
I Irak
88%
Iran
88%
Z Zambia
87%
E Erytrea
85%
G Gwinea
85%
Etiopia
84%
Gwinea Bissau
84%
M Mali
82%
G Gabon
79%
Gwinea Równikowa
78%
Boliwia
76%
B Brazylia
76%
K Kazachstan
75%
N Niger
75%
Nigeria
75%
Mauretania
73%
Mauretania
73%
W Watykan
73%
Włochy
73%
A Armenia
72%
Azerbejdżan
72%
Kirgistan
70%
M Maroko
69%
Kongo
66%
Korea Północna
66%
K Korea Południowa
66%
Mozambik
64%
C Chorwacja
63%
M Malawi
63%
S Sudan
63%
Czarnogóra
61%
K Kamerun
61%
Sudan Południowy
60%
B Benin
55%
Burkina Faso
55%
Nie znaleziono quizów pasujących do podanych kryteriów
Rozkład punktacji
Procent ludzi z każdym wynikiem
Percentyl według liczby udzielonych odpowiedzi
Twoja historia wyników
Nie rozwiązałeś tego quizu